Tilastot visalle Biisin nimi sanoituksissa

Klikkaa tästä pelataksesi tätä visaa!

Yleistilastot

  • Tätä visaa on pelattu 120 kertaa
  • Keskiarvotulos 4 / 12

Vastaustilastot

HintVastaus% Oikein
- -. Jos panisin sua kunnolla.Itkisitkö onnesta?
65%
Hyvät frendit on ku ässä hihas
Joten - - tässä pihas
Boom kah
52%
Mekko liimata kiinni vartaloosi. Olet kaunis, kaunis, ja - - -.Maailma on sun
51%
And I think to myself - - - -.What a wonderful world
45%
Mua puri -,mut miksi suremaan?
Jo kauan sitten lääkkeen löysin siihen puremaan
Baarikärpänen
43%
- - -, korkeimmalla kukkulalla
Katson kauas kaukaisuuteen, tulet uniin uudestaan.
Täällä pohjantähden alla
43%
- - - - - -, baby, you were made for lovin' me. And I can give it all to you, baby, can you give it all to me?I was made for lovin' you
39%
We are the - of our time, - . But we're dancing with the demons in our minds.Heroes
33%
- - - - - ja tähtösiä täynnä. Niin on nuori sydämeni
ajatuksia täynnä.
Taivas on sininen ja valkoinen
29%
Tropical the island breeze, all of nature wild and free, this is where I long to be, - - -.La isla bonita
13%
For though they may be parted, there is still a chance that they will see.
There will be an answer, - - -
Let it be
12%
You're gonna kick off before you even get halfway through. When will you realize... - waits for you?Vienna
3%

Tulosjakauma

Persentiili vastausten määrän mukaan

Jokaisen tuloksen saaneiden osuus

Tuloshistoriasi

Et ole pelannut tätä visaa